000 00483cam a2200193 4500
001 D8759
008 090401t1978 xxu||||| |||| 00| 0 eng d
035 _a(Sirsi) u15036
041 _aeng
050 _a691
100 _aSkoyles, E.R.
245 _aSite accounting for waste of materials
260 _aGarston, Watford
_bBuilding Research Establishment
_c1978
300 _a25p. 30cm
350 _a0
490 _aBRE Current Paper
_v5/78
942 _n0
948 _c04/03/1997
999 _c87243
_d87243